Nový zákon o štatutárnom audite a o zmene a doplnení zákona č. 431/2002 Z.z. o účtovníctve v znení neskorších predpisov

Návrh nového zákona o štatutárnom audite. Štruktúra zákona. Ustanovenia nového zákona.

Na minha lista:
Detalhes bibliográficos
Autor principal: Krišková, Petra, 1981-
Outros Autores: Užík, Ján, 1969-
Formato: Capítulo de Livro
Idioma:eslovaco
Assuntos:
Tags: Adicionar Tag
Sem tags, seja o primeiro a adicionar uma tag!

MARC

LEADER 00000naa a2200000 4500
001 0208870
005 20240502073453.7
041 0 |a slo 
044 |a SK 
245 1 0 |a Nový zákon o štatutárnom audite a o zmene a doplnení zákona č. 431/2002 Z.z. o účtovníctve v znení neskorších predpisov  |c Petra Krišková, Ján Užík 
520 |a Návrh nového zákona o štatutárnom audite. Štruktúra zákona. Ustanovenia nového zákona. 
610 2 0 |a zákony 
610 2 0 |a pravidlá účtovné 
610 2 0 |a audit 
610 2 0 |a smernice 
610 2 0 |a harmonizácia 
610 2 0 |a Európsky parlament 
100 1 |a Krišková, Petra, 1981- 
700 1 |a Užík, Ján, 1969-